[Event "POL-chT U20 2nd League"]
[Site "Sypniewo"]
[Date "2025.06.26"]
[Round "9.101"]
[White "Gancarz, Julia"]
[Black "Chrapkowska, Alicja"]
[Result "0-1"]
[WhiteElo "1552"]
[BlackElo "1589"]
[PlyCount "54"]
[EventDate "2025.06.18"]
[EventType "team-swiss"]
[EventRounds "9"]
[EventCountry "POL"]
[SourceTitle "CB27_2025"]
[SourceDate "2025.07.02"]
[SourceVersion "1"]
[SourceVersionDate "2025.07.02"]
[SourceQuality "1"]
[WhiteTeam "Gubina CC"]
[BlackTeam "Bydgoszcz Chemik"]
[WhiteTeamCountry "POL"]
[BlackTeamCountry "POL"]

1. e4 e5 2. Nf3 Nc6 3. Bb5 a6 4. Ba4 Nf6 5. d3 b5 6. Bb3 Be7 7. Nbd2 0-0 8. Nf1 d6 9. c3 Bb7 10. Ng3 Na5 11. Bc2 Re8 12. 0-0 c5 13. h3 Qc7 14. a3 Rac8 15. Be3 d5 16. exd5 Nxd5 17. Rc1 Nxe3 18. fxe3 Rcd8 19. d4 exd4 20. exd4 Qxg3 21. Qd3 g6 22. Rf2 cxd4 23. cxd4 Bd6 24. Rff1 Bf4 25. Rb1 Re3 26. Qd1 Rde8 27. d5 Re2 0-1